header

Strategic Human Resource Management: (Record no. 259192)

MARC details
000 -LEADER
fixed length control field 00491nam a22001697a 4500
003 - CONTROL NUMBER IDENTIFIER
control field OSt
005 - DATE AND TIME OF LATEST TRANSACTION
control field 20210331150651.0
008 - FIXED-LENGTH DATA ELEMENTS--GENERAL INFORMATION
fixed length control field 210331b ||||| |||| 00| 0 eng d
040 ## - CATALOGING SOURCE
Transcribing agency RU
050 ## - LIBRARY OF CONGRESS CALL NUMBER
Classification number HF5549
Item number .G6924 2001
100 ## - MAIN ENTRY--PERSONAL NAME
Personal name Greer, Charles R.
245 ## - TITLE STATEMENT
Title Strategic Human Resource Management:
Remainder of title A general Managerial Approach
250 ## - EDITION STATEMENT
Edition statement 2nd edn.
260 ## - PUBLICATION, DISTRIBUTION, ETC. (IMPRINT)
Place of publication, distribution, etc India, New Delhi
Name of publisher, distributor, etc Pearson in collaboration with Dorling Kindersley Ltd
Date of publication, distribution, etc 2001
300 ## - PHYSICAL DESCRIPTION
Extent 368p
942 ## - ADDED ENTRY ELEMENTS (KOHA)
Source of classification or shelving scheme Library of Congress Classification
Koha item type Long Loan Books

No items available.

© 2026 Rongo University
Contact us: librarian | system librarian | Rongo university